La obra pictórica completa de Modigliani / (Record no. 180596)

MARC details
000 -LEADER
campo de control de longitud fija 00864nam a2200253 i 4500
001 - NÚMERO DE CONTROL
campo de control 180596
003 - IDENTIFICADOR DE NÚMERO DE CONTROL
campo de control ES-MaACL
005 - FECHA Y HORA DE LA ÚLTIMA TRANSACCIÓN
campo de control 20230906221136.0
008 - DATOS DE LONGITUD FIJA--INFORMACIÓN GENERAL
campo de control de longitud fija 120615s1971 sp af |||| |bspa d
080 ## - NÚMERO DE LA CLASIFICACIÓN DECIMAL UNIVERSAL
Número de la Clasificación Decimal Universal 75Modigliani, Amadeo
100 1# - ENTRADA PRINCIPAL--NOMBRE DE PERSONA
Nombre de persona Modigliani, Amadeo.
9 (RLIN) 145170
245 13 - MENCIÓN DEL TÍTULO
Título La obra pictórica completa de Modigliani /
Mención de responsabilidad, etc. introducción de Leone Piccioni ; biografía y estudios críticos de Ambrogio Ceroni.
260 ## - PUBLICACIÓN, DISTRIBUCIÓN, ETC.
Lugar de publicación, distribución, etc. Barcelona :
Nombre del editor, distribuidor, etc. Noguer,
Fecha de publicación, distribución, etc. [1971] (
Fabricante Rizzoli)
300 ## - DESCRIPCIÓN FÍSICA
Extensión 111 p. :
Otras características físicas il. neg. y col. ;
Dimensiones 32 cm.
490 1# - MENCIÓN DE SERIE
Mención de serie Clásicos del Arte ;
Designación de volumen o secuencia 23
500 ## - NOTA GENERAL
Nota general Índices.
504 ## - NOTA DE BIBLIOGRAFÍA, ETC.
Nota de bibliografía, etc. Bibliografía: p. 82.
600 14 - PUNTO DE ACCESO ADICIONAL DE MATERIA--NOMBRE DE PERSONA
Nombre de persona Modigliani, Amadeo.
9 (RLIN) 145170
700 1# - ENTRADA AGREGADA--NOMBRE PERSONAL
Nombre de persona Piccioni, Leone.
9 (RLIN) 150602
700 1# - ENTRADA AGREGADA--NOMBRE PERSONAL
Nombre de persona Ceroni, Ambrogio.
9 (RLIN) 150603
830 0# - PUNTO DE ACCESO ADICIONAL DE SERIE-TÍTULO UNIFORME
Título uniforme Clásicos del Arte ;
Designación de volumen o secuencia 23
9 (RLIN) 191252
852 ## - LOCALIZACIÓN
Ubicación ES-MaACL
Número de control de estantería L-31058
Holdings
Estatus retirado Estado de pérdida Estado de daño No para préstamo Biblioteca de origen Biblioteca actual Ubicación en estantería Fecha de adquisición Fuente de adquisición Total de préstamos Signatura topográfica completa Código de barras Visto por última vez Precio de reemplazo Tipo de ítem Koha
        Biblioteca del Ateneo de Madrid Biblioteca del Ateneo de Madrid Depósito 2 15/06/2012     L-31058 1189767 23/02/2023 23/02/2023 Libro impreso